[Event "Rodostosah WGM 2019"]
[Site "Tekirdag"]
[Date "2019.02.15"]
[Round "8.10"]
[White "Brankovic, Dejan"]
[Black "Sade, Defne"]
[Result "1-0"]
[WhiteElo "2318"]
[BlackElo "1916"]
[Annotator "NA"]
[PlyCount "195"]
[EventDate "2019.02.08"]
[EventType "schev"]
[EventCountry "TUR"]
[SourceTitle "playchess.com"]
[Source "ChessBase"]
[SourceQuality "1"]
[TimeControl "5400+30"]

1. e4 {[%emt 0:00:30]} e5 {[%emt 0:04:30]} 2. Nf3 {[%emt 0:00:30]} Nc6 {[%emt 0:00:30]} 3. c3 {[%emt 0:00:30]} Nf6 {[%emt 0:00:30]} 4. d4 {[%emt 0:00:00]} d6 {[%emt 0:16:30]} 5. Bd3 {[%emt 0:03:00]} Be7 {[%emt 0:00:30]} 6. O-O {[%emt 0:01:30]} O-O {[%emt 0:00:00]} 7. Nbd2 {[%emt 0:15:30]} Re8 {[%emt 0:00:00]} 8. h3 {[%emt 0:00:30]} Bf8 {[%emt 0:00:30]} 9. Re1 {[%emt 0:00:30]} g6 {[%emt 0:06:30]} 10. dxe5 {[%emt 0:18:30]} dxe5 {[%emt 0:07:30]} 11. Bc4 {[%emt 0:02:30]} Be6 {[%emt 0:02:30]} 12. Bxe6 {[%emt 0:02:30]} Rxe6 {[%emt 0:03:30]} 13. Qb3 {[%emt 0:00:30]} b6 {[%emt 0:00:30]} 14. Ng5 {[%emt 0:05:30]} Re7 {[%emt 0:00:30]} 15. Nc4 {[%emt 0:02:30]} h6 {[%emt 0:02:30]} 16. Qa4 {[%emt 0:03:30]} Qe8 {[%emt 0:00:30]} 17. Nf3 {[%emt 0:00:00]} Rd8 {[%emt 0:06:30]} 18. b3 {[%emt 0:05:00]} Re6 {[%emt 0:02:30]} 19. Bb2 {[%emt 0:01:30]} Nd7 {[%emt 0:01:30]} 20. b4 {[%emt 0:02:30]} Nf6 {[%emt 0:03:30]} 21. Qc2 {[%emt 0:06:30]} a6 {[%emt 0:11:30]} 22. Rad1 {[%emt 0:02:30]} Rxd1 {[%emt 0:00:30]} 23. Rxd1 {[%emt 0:00:30]} b5 {[%emt 0:00:00]} 24. Ne3 {[%emt 0:01:30]} Rd6 {[%emt 0:00:00]} 25. Rxd6 {[%emt 0:06:34]} Bxd6 {[%emt 0:00:30]} 26. a3 {[%emt 0:00:04]} Nb8 {[%emt 0:05:30]} 27. c4 {[%emt 0:01:11]} c6 {[%emt 0:01:30]} 28. c5 {[%emt 0:04:57]} Bc7 {[%emt 0:00:30]} 29. Nh2 {[%emt 0:02:41]} Nbd7 {[%emt 0:02:30]} 30. Nhg4 {[%emt 0:00:32]} h5 {[%emt 0:01:30]} 31. Nh2 {[%emt 0:00:16]} Nh7 {[%emt 0:01:37]} 32. Nf3 {[%emt 0:00:23]} Qe7 {[%emt 0:02:12]} 33. Bc3 {[%emt 0:00:34]} Nhf8 {[%emt 0:04:44]} 34. a4 {[%emt 0:00:28]} Kh7 {[%emt 0:02:45]} 35. axb5 {[%emt 0:01:34]} axb5 {[%emt 0:00:06]} 36. Qa2 {[%emt 0:00:42]} f6 {[%emt 0:01:39]} 37. Qa8 {[%emt 0:01:36]} Nb8 {[%emt 0:01:35]} 38. g3 {[%emt 0:02:48]} Qd7 {[%emt 0:00:45]} 39. Qa2 {[%emt 0:01:47]} Qe6 {[%emt 0:00:31]} 40. Qa7 {[%emt 0:00:35]} Qd7 {[%emt 0:00:31]} 41. Kg2 {[%emt 0:00:23]} Ne6 {[%emt 0:02:36]} 42. Qa2 {[%emt 0:00:08]} Nf8 {[%emt 0:00:36]} 43. Qc2 {[%emt 0:02:31]} Ne6 {[%emt 0:00:39]} 44. Qb3 {[%emt 0:00:25]} Nf8 {[%emt 0:00:38]} 45. Bb2 {[%emt 0:00:54]} Qe6 {[%emt 0:01:38]} 46. Qa3 {[%emt 0:00:39]} Qd7 {[%emt 0:00:09]} 47. Bc1 {[%emt 0:00:00]} Ne6 {[%emt 0:01:01]} 48. Nc2 {[%emt 0:01:21]} Bd8 {[%emt 0:03:25]} 49. Bd2 {[%emt 0:00:40]} Be7 {[%emt 0:00:23]} 50. Qa8 {[%emt 0:01:20]} Qc7 {[%emt 0:00:29]} 51. Be3 {[%emt 0:00:41]} Bf8 {[%emt 0:00:35]} 52. Na1 {[%emt 0:00:08]} Qc8 {[%emt 0:00:32]} 53. Nb3 {[%emt 0:00:12]} Nd8 {[%emt 0:01:23]} 54. Na5 {[%emt 0:01:50]} Qc7 {[%emt 0:00:06]} 55. Nb3 {[%emt 0:00:00]} Qb7 {[%emt 0:00:32]} 56. Qa2 {[%emt 0:00:45]} Qf7 {[%emt 0:00:13]} 57. Qd2 {[%emt 0:00:18]} Qd7 {[%emt 0:00:09]} 58. Qb2 {[%emt 0:00:24]} Bg7 {[%emt 0:00:09]} 59. Qc2 {[%emt 0:00:26]} Qf7 {[%emt 0:00:18]} 60. Na5 {[%emt 0:00:30]} Qd7 {[%emt 0:00:08]} 61. Bd2 {[%emt 0:00:00]} Bf8 {[%emt 0:01:01]} 62. Bc3 {[%emt 0:00:05]} Bg7 {[%emt 0:00:00]} 63. Nb3 {[%emt 0:00:36]} Ne6 {[%emt 0:00:00]} 64. Qb1 {[%emt 0:00:52]} Nd8 {[%emt 0:00:06]} 65. Bd2 {[%emt 0:00:33]} Qe6 {[%emt 0:00:29]} 66. Na5 {[%emt 0:00:29]} Qd7 {[%emt 0:00:05]} 67. Bc3 {[%emt 0:00:14]} Qe6 {[%emt 0:00:11]} 68. Bxe5 {[%emt 0:00:14]} Nd7 {[%emt 0:00:54]} 69. Bc3 {[%emt 0:00:07]} Nf7 {[%emt 0:00:31]} 70. Qd3 {[%emt 0:00:21]} Nde5 {[%emt 0:00:56]} 71. Bxe5 {[%emt 0:00:49]} fxe5 {[%emt 0:00:02]} 72. Qb3 {[%emt 0:00:31]} Qxb3 {[%emt 0:02:28]} 73. Nxb3 {[%emt 0:00:04]} Kg8 {[%emt 0:00:00]} 74. Na5 {[%emt 0:00:44]} Nd8 {[%emt 0:00:00]} 75. Kf1 {[%emt 0:00:28]} Kf7 {[%emt 0:00:05]} 76. Ke2 {[%emt 0:00:15]} Ke6 {[%emt 0:00:21]} 77. Kd3 {[%emt 0:00:55]} Bf6 {[%emt 0:01:00]} 78. Ke3 {[%emt 0:00:48]} Bg7 {[%emt 0:02:21]} 79. h4 {[%emt 0:00:51]} Kd7 {[%emt 0:00:33]} 80. Kd3 {[%emt 0:00:47]} Ke6 {[%emt 0:00:33]} 81. Ng5+ {[%emt 0:00:28]} Kf6 {[%emt 0:00:47]} 82. f4 {[%emt 0:00:58]} Ke7 {[%emt 0:00:04]} 83. Nf3 {[%emt 0:00:16]} exf4 {[%emt 0:01:23]} 84. gxf4 {[%emt 0:00:30]} Ke6 {[%emt 0:00:16]} 85. Nb3 {[%emt 0:00:14]} Bb2 {[%emt 0:00:43]} 86. Nbd4+ {[%emt 0:00:09]} Ke7 {[%emt 0:00:29]} 87. Ne5 {[%emt 0:00:17]} Kf6 {[%emt 0:00:24]} 88. Nexc6 {[%emt 0:00:31]} Nxc6 {[%emt 0:00:40]} 89. Nxc6 {[%emt 0:00:30]} Bc1 {[%emt 0:00:00]} 90. e5+ {[%emt 0:00:00]} Kf7 {[%emt 0:00:53]} 91. Ke4 {[%emt 0:00:32]} Bd2 {[%emt 0:00:09]} 92. f5 {[%emt 0:00:00]} Be1 {[%emt 0:00:30]} 93. e6+ {[%emt 0:01:17]} Kf6 {[%emt 0:00:13]} 94. fxg6 {[%emt 0:00:35]} Kxg6 {[%emt 0:00:13]} 95. Nd4 {[%emt 0:00:31]} Bxb4 {[%emt 0:01:27]} 96. c6 {[%emt 0:00:08]} Ba5 {[%emt 0:00:41]} 97. Nxb5 {[%emt 0:00:04]} Kf6 {[%emt 0:00:17]} 98. c7 {[%emt 0:00:18]} 1-0

[Event "Rodostosah WGM 2019"]
[Site "Tekirdag"]
[Date "2019.02.15"]
[Round "9.6"]
[White "Caglar, Sila"]
[Black "Dimitrijevic, Aleksandra"]
[Result "1/2-1/2"]
[WhiteElo "2062"]
[BlackElo "2175"]
[Annotator "TA"]
[PlyCount "62"]
[EventDate "2019.02.08"]
[EventType "schev"]
[EventCountry "TUR"]
[SourceTitle "playchess.com"]
[Source "ChessBase"]
[SourceQuality "1"]

{[%evp 14,62,50,36,64,19,41,45,43,40,60,58,52,28,122,108,123,132,107,-318,-315,-347,-82,-68,-71,-85,-72,-85,-65,-80,-91,-87,-91,-85,-83,-76,-59,-53,-47,-92,-91,-92,-87,-120,-120,-119,0,-79,0,-121,0]} 1. e4 c5 2. Nf3 Nc6 3. d4 cxd4 4. Nxd4 Nf6 5. Nc3 d6 6. Bg5 Bd7 7. Qd2 a6 8. O-O-O {LiveBook: 89 Games. B61: Sicilian: Richter-Rauzer: 6...Bd7 7 Qd2} (8. Bxf6 gxf6 9. f4 Qb6 10. Nf5 e6 11. Ne3 Qxb2 12. Rb1 Qa3 13. Nc4 Qc5 14. Na4 Qd4 15. Bd3 f5 {1-0 (35) Baklan,V (2609)-Cicak,S (2509) Germany 2016}) 8... h6 9. Be3 g6 10. f3 $146 {White is slightly better.} ({Predecessor:} 10. Bc4 Na5 11. Be2 Rc8 12. f3 Bg7 13. Kb1 Nc4 14. Qd3 Qb6 15. Qxc4 Rxc4 16. Bxc4 {0-1 (23) Lambert,M-Muller,M ICCF corr 1994}) 10... Bg7 11. g4 Rc8 12. h4 Ne5 13. Rh2 Nxf3 (13... Qc7 $11) 14. Nxf3 $16 Nxg4 15. Nd5 {[#] And now Bb6 would win.} Nxh2 16. Bb6 $2 {[%mdl 8192]} (16. Nxh2 $16 {keeps the pressure on. Black must now prevent Bb6.} Ba4 17. b3) 16... Nxf3 $19 17. Qg2 Ne5 $2 ({Resist} 17... Nxh4 18. Qh1 $19) (17... Ba4 $19 {is more deadly.} 18. Bxd8 Rxc2+ 19. Qxc2 Bxc2 20. Kxc2 Kxd8) 18. Bxd8 $17 Rxd8 19. Be2 Rc8 20. Qf2 Bc6 21. Qb6 Nd7 22. Qe3 Be5 23. Kb1 e6 24. Nb4 Ke7 25. Nd3 Bf6 26. h5 g5 27. Rf1 Bg7 28. Nf2 Ne5 29. Ng4 Nd7 30. Nf2 $1 Ne5 31. Ng4 Nd7 {Precision: White = 46%, Black = 36%.} ({Better is} 31... Nxg4 $17 32. Bxg4 Be5) 1/2-1/2

[Event "Rodostosah WGM 2019"]
[Site "Tekirdag"]
[Date "2019.02.15"]
[Round "9.7"]
[White "Kocyigit, Buse Naz"]
[Black "Prohorov, Olexandr"]
[Result "1/2-1/2"]
[WhiteElo "2023"]
[BlackElo "2146"]
[Annotator "TA"]
[PlyCount "68"]
[EventDate "2019.02.08"]
[EventType "schev"]
[EventCountry "TUR"]
[SourceTitle "playchess.com"]
[Source "ChessBase"]
[SourceQuality "1"]

{[%evp 14,68,19,29,42,41,72,54,89,86,88,88,95,39,38,0,0,0,3,-9,0,-12,-21,-15,-10,-58,-10,-71,-35,-38,-8,-4,0,0,0,0,0,0,0,-72,0,0,0,0,0,0,58,0,0,0,109,107,110,112,114,102,108]} 1. e4 c5 2. Nf3 e6 3. d4 cxd4 4. Nxd4 Qb6 5. Nb3 Nf6 6. Nc3 Bb4 {B40: Sicilian: 2...e6, Unusual lines} 7. Bd2 Nc6 8. Qe2 {LiveBook: 331 Games} Qc7 {White has an edge.} (8... O-O 9. O-O-O d5 10. exd5 exd5 11. Be3 Qc7 12. Nb5 Qd8 13. f3 a6 14. N5d4 Re8 15. Qf2 Ne5 16. Bd2 Bd6 17. Kb1 a5 18. Bb5 a4 {½-½ (76) Amonatov,F (2620)-Korobov,A (2692) Doha 2016}) 9. O-O-O $146 {Hoping for Nb5.} ({Predecessor:} 9. a3 Be7 10. O-O-O a6 11. g4 d6 12. g5 Nd7 13. f4 b5 14. f5 Nde5 15. Kb1 {1-0 (37) Garifullina,L (1929)-Zakharova,D (1759) Moscow 2017}) 9... a6 10. Kb1 b5 11. Nd5 Nxd5 12. exd5 Bxd2 13. Rxd2 (13. Qxd2 $16 Nd8 14. g3) 13... Na5 $1 $14 14. Qg4 {[#] Threatens to win with dxe6.} Nxb3 15. axb3 O-O $1 16. Bd3 Bb7 17. dxe6 dxe6 18. Qh3 {[%csl Gd3][%cal Rh3h7]} g6 19. Rf1 Qf4 20. Re2 (20. Rfd1 $11) 20... Rad8 21. f3 Rxd3 22. cxd3 Qb4 23. Rc2 Qxb3 24. Rc3 Qd5 {White must now prevent ...b4.} 25. Qh4 a5 {And now ...b4 would win.} 26. d4 {[#]} (26. Rfc1 $11) 26... Qf5+ (26... b4 $1 $17 {[%cal Rb4c3]} 27. Rc5 Qb3) 27. Ka1 $11 b4 28. Rc5 $1 $36 {[%cal Rc5f5][%mdl 2048] White fights for an advantage.} Qd3 29. Rfc1 a4 (29... b3 $11) 30. Qe7 (30. d5 $14 Bxd5 31. Qxb4) 30... Ba6 31. Rc6 a3 (31... Qd2 $11 {remains equal.} 32. Qc5 Bb7) 32. Qxb4 $16 {White is better.} axb2+ 33. Kxb2 Rd8 34. Rd6 Rxd6 {Precision: White = 44%, Black = 45%.} 1/2-1/2

[Event "Rodostosah WGM 2019"]
[Site "Tekirdag"]
[Date "2019.02.15"]
[Round "9.8"]
[White "Duran, Esma Doga"]
[Black "Shkuran, Danylo"]
[Result "0-1"]
[WhiteElo "2005"]
[BlackElo "2368"]
[Annotator "TA"]
[PlyCount "60"]
[EventDate "2019.02.08"]
[EventType "schev"]
[EventCountry "TUR"]
[SourceTitle "playchess.com"]
[Source "ChessBase"]
[SourceQuality "1"]

{[%evp 16,60,47,22,22,14,21,0,0,0,0,-1,0,0,4,4,4,4,2,0,0,0,20,0,0,-416,-398,-388,-405,-371,-366,-864,-857,-1087,-562,-691,-707,-649,-707,-652,-625,-594,-594,-577,-579,-537,-530]} 1. d4 Nf6 2. c4 g6 3. Nf3 Bg7 4. g3 O-O 5. Bg2 d6 {[%cal Bd7d6,Bd6d5][%mdl 32]} 6. O-O c6 7. b3 Bf5 8. Bb2 d5 9. Nbd2 {LiveBook: 7 Games} a5 {[%cal Ba7a5,Ba5a4,Ba4a3][%mdl 32] D78: Fianchetto Grünfeld: 6 0-0 c6} (9... Nbd7 10. e3 a5 11. cxd5 cxd5 12. Qe2 a4 13. bxa4 Rxa4 14. Rfc1 Qb6 15. Bc3 Rfa8 16. Nb3 Qa6 17. Qxa6 R4xa6 {1-0 (76) Kharlov,A (2604)-Bacrot,E (2712) playchess.com INT 2004}) 10. Nh4 Be6 11. e4 $146 ({Predecessor:} 11. Re1 Na6 12. e4 dxe4 13. Nxe4 Nxe4 14. Rxe4 {1-0 (26) Larino Nieto,D (2469)-Vega Gutierrez,S (2391) Ibiza 2013}) 11... dxe4 {The position is equal.} 12. Nxe4 Nxe4 13. Bxe4 Qb6 14. Qd2 a4 15. d5 Bxb2 16. Qxb2 cxd5 17. cxd5 Bh3 18. Rfe1 a3 19. Qe5 Nd7 $36 {[%mdl 2048] Black has some pressure.} 20. Qxe7 $2 {[%mdl 8192]} (20. Qf4 $11) 20... Rfe8 $19 21. Qg5 {[#]} Qb4 $1 22. f3 {[#]} f5 $1 {[%cal Bf7f5,Bf5e4][%mdl 544]} 23. g4 $2 (23. Nxg6 Qb6+ 24. Kh1 hxg6 25. Bc2) (23. Bxf5 Rxe1+) 23... fxe4 {Black is clearly winning.} 24. Qf4 Qc5+ 25. Kh1 Qf2 {And now ...exf3 would win.} 26. Qg3 Qxg3 27. hxg3 g5 28. Kh2 {intending Nf5.} Bxg4 29. fxg4 gxh4 30. gxh4 Nf6 {Precision: White = 45%, Black = 77%.} 0-1

[Event "Rodostosah WGM 2019"]
[Site "Tekirdag"]
[Date "2019.02.15"]
[Round "9.9"]
[White "Anacoglu, Cisel"]
[Black "Brankovic, Dejan"]
[Result "0-1"]
[WhiteElo "1962"]
[BlackElo "2318"]
[Annotator "TA"]
[PlyCount "86"]
[EventDate "2019.02.08"]
[EventType "schev"]
[EventCountry "TUR"]
[SourceTitle "playchess.com"]
[Source "ChessBase"]
[SourceQuality "1"]

{[%evp 14,86,10,20,21,32,25,27,35,25,41,41,40,35,43,18,28,10,11,0,16,25,24,0,18,18,14,0,17,0,29,42,25,25,26,27,27,-20,-20,-23,-23,-18,-10,-10,-10,-154,-77,-72,-47,-47,-10,-47,-47,-122,-64,-145,-132,-128,-122,-160,-168,-199,-158,-536,-534,-534,-520,-29982,-29983,-29983,-29984,-29984,-29985,-29985,-29986]} 1. e4 c5 2. Nf3 g6 3. d4 cxd4 4. Qxd4 Nf6 5. Nc3 Nc6 6. Qa4 d6 7. e5 dxe5 8. Nxe5 {next Bc4 is good for White.} Qd4 {B27: Sicilian: 2 Nf3, unusual Black 2nd moves} (8... Bd7 9. Nxd7 Qxd7 10. Be2 Bg7 11. O-O O-O 12. Rd1 Qf5 13. Bd3 Qh5 14. Qb5 Qxb5 15. Bxb5 Nb4 16. Ba4 {1-0 (60) Guseinov,G (2664)-Gordievsky,D (2614) St Petersburg 2018}) 9. Nxc6 Qxa4 10. Nxa4 {Ne5 is the strong threat.} bxc6 {White has an edge.} 11. b3 e5 12. Bb2 Bb4+ 13. c3 Be7 14. Bd3 $146 ({Predecessor:} 14. g3 O-O 15. Bg2 e4 16. O-O {½-½ (106) Ameir,M (2431)-Smith,A (2516) Baku 2016}) 14... Be6 15. O-O O-O-O 16. Rad1 Kb7 17. c4 Nd7 $1 18. Rfe1 f6 19. Bc3 Rhe8 20. Bf1 Bf8 21. f4 Bg4 22. Be2 Bxe2 23. Rxe2 Nc5 24. Rxd8 Rxd8 25. fxe5 (25. Nb2 {with more complications.} Nd7 26. fxe5 Nxe5 27. Kf1 Ba3 28. h3) 25... Nxa4 26. bxa4 $11 {[%mdl 4096] Endgame KRB-KRB} Rd1+ 27. Re1 Rxe1+ 28. Bxe1 fxe5 {KB-KB} 29. Bg3 (29. a5 $11) 29... Bc5+ (29... Kb6 $142 30. Bxe5 Kc5) 30. Kf1 $17 Bd4 {White must now prevent ...Kb6.} 31. Be1 e4 32. Ke2 Kc7 33. Bb4 ({White should try} 33. a5 $1 $15) 33... Kd7 $1 34. Bd2 {[#]} (34. Bf8 $15) 34... Kd6 $1 35. Bb4+ Ke5 36. Bd2 h5 37. h3 a6 {[%cal Ba7a6,Ba6a5][%mdl 32]} 38. g4 $2 (38. Bb4 $17 {is tougher.}) 38... hxg4 $19 39. hxg4 Bc5 40. Be3 {[#]} (40. Bc3+ $19 Kf4 41. Bf6) 40... Bxe3 $1 {Black mates.} 41. Kxe3 a5 42. c5 g5 43. a3 Kd5 {Accuracy: White = 24%, Black = 76%.} 0-1

[Event "Rodostosah WGM 2019"]
[Site "Tekirdag"]
[Date "2019.02.15"]
[Round "9.10"]
[White "Sade, Defne"]
[Black "Eric, Jovana"]
[Result "1-0"]
[WhiteElo "1916"]
[BlackElo "2222"]
[Annotator "TA"]
[PlyCount "71"]
[EventDate "2019.02.08"]
[EventType "schev"]
[EventCountry "TUR"]
[SourceTitle "playchess.com"]
[Source "ChessBase"]
[SourceQuality "1"]

{[%evp 13,71,25,48,0,0,-2,20,0,31,44,45,33,47,22,27,0,19,-54,-56,-78,-72,-113,-76,-120,0,12,3,12,63,81,97,18,154,112,172,112,239,220,181,25,29,-108,0,0,125,129,1045,1060,1045,1045,1010,976,983,972,29989,29990,29997,29998,29998,29999]} 1. e4 Nc6 2. Nf3 d6 3. d4 Nf6 4. Nc3 g6 5. Bc4 Bg7 6. Bb3 O-O 7. h3 Na5 {LiveBook: 14 Games. B08: Pirc Defence: Classical System} 8. Be3 (8. O-O Nxb3 9. axb3 c6 10. Re1 d5 11. exd5 cxd5 12. Ne5 Bf5 13. Bf4 h6 14. g4 Bc8 15. Qd2 g5 16. Bg3 e6 17. f3 {½-½ (51) Karasev,V (2339)-Golubov,S (2501) St Petersburg 2017}) 8... Nxb3 9. axb3 a6 {The position is equal.} 10. Qd2 c6 $146 {[%cal Bc7c6,Bc6c5][%mdl 32]} ({Predecessor:} 10... Re8 11. O-O c6 12. Rfd1 Qc7 13. Qd3 b5 14. b4 Bb7 15. Qe2 {0-1 (39) Van der Wal,F (1944)-Kong,A Manly Sydney 2009}) 11. Bh6 b5 {[%cal Bb7b5,Bb5b4][%mdl 32]} 12. Bxg7 Kxg7 13. Qf4 Qc7 14. g4 b4 15. Ne2 (15. Na4 $11) 15... c5 $15 16. d5 e6 $1 17. O-O-O exd5 18. exd5 Bb7 (18... a5 $1 $17 19. Ng3 a4) 19. Ng3 $11 {Black must now prevent Nf5+!} Qd8 $132 {[%mdl 2048] Black puts up resistance} 20. Rhg1 $1 ({Inferior is} 20. g5 Nxd5 21. Qh4 Ne3 $17) 20... Kh8 ({But not} 20... Nxd5 21. Qc4 $17) (20... Bxd5 $2 21. Nh4 $18) (20... Bc8 $11) 21. Ng5 $1 $14 Bxd5 {[#]} 22. h4 (22. Nxh7 $1 $16 {[%mdl 512]} Kxh7 (22... Nxh7 23. Rxd5) 23. g5) 22... Ra7 (22... a5 $1 $11) 23. h5 {[%mdl 1024] White has strong compensation.} Rd7 {[#]} (23... a5 $16) 24. f3 ({White should play} 24. Nxh7 $1 $18 {[%mdl 512]} Kxh7 (24... Nxh7 25. Rxd5) 25. g5 Nxh5 26. Nxh5 gxh5 27. Qf5+ Kg7 28. Rxd5) 24... a5 (24... Re8 $16 {keeps fighting.}) 25. Rh1 $1 $18 Kg8 {[#]} 26. Nh3 $2 ({White should try} 26. Nxh7 $1 $18 {[%mdl 512]} Nxh7 27. Rxd5) 26... Bc6 $11 27. Rdg1 (27. Nf2 $11) 27... Kh8 ({Better is} 27... Re8 $1 $17 28. hxg6 fxg6 29. Qc4+ Kf8) 28. Ng5 {Hoping for hxg6.} Nd5 (28... Re8 $1 $11 {remains equal.}) 29. Qd2 $16 {And now Nxh7! would win.} Qf6 $2 {[%mdl 8192] [#]} (29... Nf6 $16) 30. Nxh7 $1 $18 {[%mdl 512]} Kxh7 {[#]} 31. hxg6+ $1 Kg8 {[#]} 32. g7 $1 {[%mdl 512]} Qxg7 33. Nf5 Qf6 34. Rh6 {White mates.} Qd8 {[#]} 35. Rh8+ $1 {[%mdl 512]} Kxh8 36. Qh6+ {Precision: White = 42%, Black = 32%.} 1-0

[Event "Rodostosah WGM 2019"]
[Site "Tekirdag"]
[Date "2019.02.16"]
[Round "10.6"]
[White "Prohorov, Olexandr"]
[Black "Caglar, Sila"]
[Result "0-1"]
[WhiteElo "2146"]
[BlackElo "2062"]
[Annotator "NA"]
[PlyCount "58"]
[EventDate "2019.02.08"]
[EventType "schev"]
[EventCountry "TUR"]
[SourceTitle "playchess.com"]
[Source "ChessBase"]
[SourceQuality "1"]
[TimeControl "5400+30"]

1. e4 c5 2. c3 Nf6 3. e5 Nd5 4. Nf3 d6 5. d4 cxd4 6. Qxd4 e6 7. Nbd2 a6 8. Nc4 Nc6 9. Qe4 $11 dxe5 10. Ncxe5 Nxe5 11. Nxe5 Bd6 12. Bd3 Nf6 13. Qa4+ b5 14. Bxb5+ axb5 15. Qxb5+ Kf8 16. Nc4 Ba6 17. Qc6 Be7 18. Be3 Qd5 19. Qxd5 Nxd5 20. Nb6 Nxb6 21. Bxb6 Rb8 22. Be3 Rxb2 23. O-O-O Rb7 24. Rd4 Ba3+ 25. Kd2 Rb2+ 26. Kd1 Ke7 27. Bc1 Rxa2 28. Ra4 Rd8+ 29. Ke1 Re2+ 0-1

[Event "Rodostosah WGM 2019"]
[Site "Tekirdag"]
[Date "2019.02.16"]
[Round "10.7"]
[White "Shkuran, Danylo"]
[Black "Kocyigit, Buse Naz"]
[Result "1-0"]
[WhiteElo "2368"]
[BlackElo "2023"]
[Annotator "NA"]
[PlyCount "43"]
[EventDate "2019.02.08"]
[EventType "schev"]
[EventCountry "TUR"]
[SourceTitle "playchess.com"]
[Source "ChessBase"]
[SourceQuality "1"]
[TimeControl "5400+30"]

1. e4 d5 2. exd5 Qxd5 3. Nc3 Qd6 4. d4 Nf6 5. Bc4 c6 6. Nf3 Bg4 7. h3 Bxf3 8. Qxf3 Qxd4 9. Qe2 Nbd7 10. Be3 Qe5 11. O-O-O e6 12. f4 Qc7 13. f5 e5 {[#]} 14. Bxf7+ $1 Kxf7 15. Qc4+ Ke8 {[#]} 16. Nb5 $1 Qc8 $18 (16... Qd8 $142) 17. Qe6+ Kd8 18. Nxa7 Qc7 19. Rxd7+ Qxd7 20. Bb6+ Qc7 21. Rd1+ Nd5 22. Rxd5+ 1-0

[Event "Rodostosah WGM 2019"]
[Site "Tekirdag"]
[Date "2019.02.16"]
[Round "10.8"]
[White "Brankovic, Dejan"]
[Black "Duran, Esma Doga"]
[Result "1-0"]
[WhiteElo "2318"]
[BlackElo "2005"]
[Annotator "NA"]
[PlyCount "113"]
[EventDate "2019.02.08"]
[EventType "schev"]
[EventCountry "TUR"]
[SourceTitle "playchess.com"]
[Source "ChessBase"]
[SourceQuality "1"]
[TimeControl "5400+30"]

1. Nf3 Nf6 2. g3 b5 3. Bg2 Bb7 4. O-O e6 5. d3 c5 6. e4 d5 7. exd5 Qxd5 8. a4 b4 9. Nbd2 Be7 10. Nc4 Qd8 11. Re1 O-O 12. Nfd2 Bxg2 13. Kxg2 Qd5+ 14. Qf3 Nc6 15. Nb3 Qxf3+ 16. Kxf3 Nd4+ 17. Nxd4 cxd4 $14 18. b3 Nd5 19. Bb2 Nc3 20. Bxc3 dxc3 21. a5 Bc5 22. a6 Rfd8 23. Re5 Rd5 24. Ra5 Rc8 25. Rxd5 exd5 26. Ne3 Bxe3 27. fxe3 Rc6 28. Rxd5 Kf8 29. Ra5 Ke7 30. d4 Rf6+ 31. Ke2 Rh6 32. h4 Rg6 33. Rb5 Rxa6 34. Rxb4 Rg6 35. Rb7+ Ke8 36. Kf3 Rf6+ 37. Kg2 Re6 38. Rxa7 Rxe3 39. Kf2 Re4 40. Rc7 Rxd4 41. Rxc3 Ke7 42. Ke3 Rg4 43. Kf3 h5 44. Rc5 Rg6 45. Rxh5 Rf6+ 46. Ke4 Rg6 47. Rg5 Rc6 48. c4 Rb6 49. Rb5 Rg6 50. Rb7+ Ke8 51. Kf3 Rf6+ 52. Kg2 Rd6 53. c5 Rd2+ 54. Kf3 Rd3+ 55. Kf4 Rc3 56. b4 g6 57. g4 1-0

[Event "Rodostosah WGM 2019"]
[Site "Tekirdag"]
[Date "2019.02.16"]
[Round "10.9"]
[White "Eric, Jovana"]
[Black "Anacoglu, Cisel"]
[Result "0-1"]
[WhiteElo "2222"]
[BlackElo "1962"]
[Annotator "NA"]
[PlyCount "90"]
[EventDate "2019.02.08"]
[EventType "schev"]
[EventCountry "TUR"]
[SourceTitle "playchess.com"]
[Source "ChessBase"]
[SourceQuality "1"]
[TimeControl "5400+30"]

1. d4 Nf6 2. Nf3 g6 3. Nbd2 d5 4. e3 Bg7 5. b4 a5 6. b5 c5 7. bxc6 bxc6 8. Be2 O-O 9. Ba3 Re8 10. O-O Nbd7 11. c4 Ne4 12. Nxe4 dxe4 13. Nd2 Nf6 14. Rb1 h5 15. Qc2 Qc7 16. Rb2 e5 17. Nxe4 Nxe4 18. Qxe4 Bf5 $17 19. Qf3 exd4 20. exd4 Bxd4 21. Rd2 Rad8 22. Bd1 Be4 23. Qh3 Be5 24. Bc1 Bf5 25. Qb3 Bxh2+ 26. Kh1 Be5 27. Bf3 Rxd2 28. Bxd2 Qd8 29. Rd1 Qh4+ 30. Kg1 Bh2+ 31. Kf1 Be5 32. Be3 Rb8 33. Bb6 a4 34. Qe3 Qxc4+ 35. Kg1 Qe6 36. Qc5 Bg7 37. g3 Bf8 38. Qd4 Bg7 39. Qc5 Bf8 40. Qa5 Bg4 41. Re1 Qf5 42. Bxc6 Qf6 43. Ba7 Qxc6 44. Bxb8 Bh3 45. f3 Qc2 0-1

[Event "Rodostosah WGM 2019"]
[Site "Tekirdag"]
[Date "2019.02.16"]
[Round "10.10"]
[White "Dimitrijevic, Aleksandra"]
[Black "Sade, Defne"]
[Result "1-0"]
[WhiteElo "2175"]
[BlackElo "1916"]
[Annotator "NA"]
[PlyCount "131"]
[EventDate "2019.02.08"]
[EventType "schev"]
[EventCountry "TUR"]
[SourceTitle "playchess.com"]
[Source "ChessBase"]
[SourceQuality "1"]
[TimeControl "5400+30"]

1. Nf3 d5 2. d3 c6 (2... c5 3. g3 Nc6 4. Bg2 e5 5. O-O Be7 6. c4 d4 7. e3 Nf6 8. exd4 exd4 9. Bg5 O-O 10. Re1 h6 11. Bxf6 Bxf6 12. Nbd2 Bf5 13. Ne4 Be7 14. a3 Qc7 15. Nfd2 Rae8 16. f4 Bc8 {0-1 (49) Ponkratov,P (2630)-Yilmaz,M (2636) St Petersburg 2018}) 3. c3 Nf6 4. h3 Bf5 5. Bf4 h6 6. Nbd2 {A06: Réti Opening:1 Nf3 d5} Nbd7 7. Qc2 $146 ({Predecessor:} 7. g4 Bg6 8. Bg2 e6 9. O-O Be7 10. Qc2 {1-0 (52) Nguyen,T (2362)-Le,K (2250) Ho Chi Minh City 2009}) 7... e6 8. g4 Bg6 9. Bg2 Be7 10. Bg3 a5 11. a4 O-O 12. O-O b5 13. e4 dxe4 14. dxe4 Qb6 15. Kh1 Nc5 16. Ne5 Bh7 $1 17. b4 Nb7 18. bxa5 Rxa5 19. Rfb1 Qa6 20. axb5 $14 cxb5 21. Rxa5 Nxa5 22. Qb2 Nc4 23. Nexc4 bxc4 24. Qb7 Qxb7 25. Rxb7 Rd8 26. Nxc4 Bf8 27. f3 Rd3 28. Rb8 Rxc3 29. Nb6 Rd3 30. Bf2 Rb3 31. e5 Rxb6 32. Rxb6 Nd7 33. Rb5 Bd3 34. Ra5 Bb4 35. Ra8+ Kh7 36. f4 Nc5 37. Rb8 Na6 38. Rd8 Bb1 39. Kh2 Bc5 40. Be1 Be3 41. Kg3 g5 42. fxg5 hxg5 43. Kf3 Bf4 44. Bg3 Bxg3 45. Kxg3 Nc5 46. Rc8 Nd7 47. Rc1 Bg6 48. Re1 Nc5 49. Kf3 Nd3 50. Re3 Nf4 51. Bf1 Nd5 52. Rb3 Kg7 53. Rb7 Nc3 54. Ra7 Ne4 55. Ke3 Nc3 56. Bc4 Kh6 57. Kd4 Ne4 58. Bd3 Nf2 59. Bxg6 Kxg6 60. Ra3 Nd1 61. Rf3 Nb2 62. Kc5 Na4+ 63. Kb5 Nb2 64. Kb4 Kg7 65. Kb3 Nd1 66. Kc2 1-0